| 000 | 01350nam a2200313 a 4500 | ||
|---|---|---|---|
| 001 | 31046 | ||
| 003 | BD-RjUL | ||
| 005 | 20211209051643.0 | ||
| 008 | 140413t1949 enk 001 0 eng d | ||
| 035 | _a(BD-RjUL)31133 | ||
| 040 |
_aDLC _beng _cDLC _dBD-RjUL |
||
| 041 | 1 |
_aeng _hger |
|
| 082 | 0 | 4 |
_a270 _bPAH 1949 |
| 100 | 1 |
_aPastor, Ludwig, _d1854-1928. _994382 |
|
| 245 | 1 | 4 |
_aThe history of the popes, from the close of the Middle Ages : _bdrawn from the secret archives of the Vatican and other original sources / _nVolume -IV _cfrom the German of Ludwig Pastor ; edited by Frederick Ignatius Antrobus. |
| 246 | 1 | 5 | _aHistory of the popes. |
| 246 | 3 | _aHistory of the popes, from the close of the Middle Ages. | |
| 250 | _a5th ed. | ||
| 260 |
_aLondon : _bRoutledge & Kegan paul ltd., _c1949. |
||
| 300 |
_aV-4 (xxv, 535 p.) ; _c23 cm. |
||
| 500 | _aTranslation of: Geschichte der Päpste seit dem Ausgang des Mittelalters. | ||
| 500 | _aCovers the period from the election of Nicholas V in 1447 to the death of Callistus in 1458. | ||
| 504 | _aIncludes bibliographical references and index. | ||
| 610 |
_aPapacy -- History. _9114361 |
||
| 650 | 0 |
_aPapacy _xHistory _y15th century. _994385 |
|
| 650 | 0 |
_aChurch history _y15th century. _994386 |
|
| 700 | 1 |
_aAntrobus, Frederick Ignatius, _d1837-1903. _994341 |
|
| 942 |
_2ddc _cBK |
||
| 999 |
_c31046 _d31046 |
||